Reporter at Large (Record no. 221397)
[ view plain ]
| 000 -LEADER | |
|---|---|
| fixed length control field | 00902nam a22002417a 4500 |
| 005 - DATE AND TIME OF LATEST TRANSACTION | |
| control field | 20220201113131.0 |
| 008 - FIXED-LENGTH DATA ELEMENTS--GENERAL INFORMATION | |
| fixed length control field | 220201b ||||| |||| 00| 0 eng d |
| 020 ## - INTERNATIONAL STANDARD BOOK NUMBER | |
| International Standard Book Number | 8172762704 |
| 040 ## - CATALOGING SOURCE | |
| Transcribing agency | AL |
| 041 ## - LANGUAGE CODE | |
| Language code of text/sound track or separate title | eng |
| 082 ## - DEWEY DECIMAL CLASSIFICATION NUMBER | |
| Edition number | 23 |
| Classification number | 070.92 |
| Item number | KAMR |
| 100 ## - MAIN ENTRY--PERSONAL NAME | |
| Personal name | M V Kamath |
| 100 ## - MAIN ENTRY--PERSONAL NAME | |
| 9 (RLIN) | 15429 |
| 245 ## - TITLE STATEMENT | |
| Title | Reporter at Large |
| 260 ## - PUBLICATION, DISTRIBUTION, ETC. | |
| Place of publication, distribution, etc. | Mumbai |
| Name of publisher, distributor, etc. | Bharatiya Vidya Bhavan |
| Date of publication, distribution, etc. | 2002 |
| 300 ## - PHYSICAL DESCRIPTION | |
| Extent | xvi,816 p. |
| Other physical details | HB |
| Dimensions | 22x15 cm. |
| 365 ## - TRADE PRICE | |
| Price amount | 600.00 |
| Currency code | ₹ |
| Unit of pricing | 600.00 |
| 520 ## - SUMMARY, ETC. | |
| Summary, etc. | This Book By The Noted Journalist M.V. Kamath Is A Reflective Analysis Of The History Of Modern India And Offers Insights Into The World Of Diplomacy, Politics And Journalists. Divided Into 5 Parts Followed By 3 Appendices. Also Has A Number Of Black And White Photographers. |
| 650 ## - SUBJECT ADDED ENTRY--TOPICAL TERM | |
| Topical term or geographic name entry element | Journalism |
| 9 (RLIN) | 15423 |
| 650 ## - SUBJECT ADDED ENTRY--TOPICAL TERM | |
| Topical term or geographic name entry element | Kashmir Debate |
| 9 (RLIN) | 15425 |
| 650 ## - SUBJECT ADDED ENTRY--TOPICAL TERM | |
| Topical term or geographic name entry element | God's Own Country |
| 9 (RLIN) | 15426 |
| 700 ## - ADDED ENTRY--PERSONAL NAME | |
| Personal name | KAMATH (M V) |
| 9 (RLIN) | 15427 |
| 942 ## - ADDED ENTRY ELEMENTS (KOHA) | |
| Source of classification or shelving scheme | Dewey Decimal Classification |
| Koha item type | George Fernandes Collections |
| Withdrawn status | Lost status | Source of classification or shelving scheme | Damaged status | Not for loan | Collection code | Home library | Current library | Date acquired | Total Checkouts | Full call number | Barcode | Date last seen | Price effective from | Koha item type |
|---|---|---|---|---|---|---|---|---|---|---|---|---|---|---|
| Dewey Decimal Classification | Journalism | St Aloysius Library | St Aloysius Library | 03/24/2013 | 070.92 KAMR | GF03037 | 02/01/2022 | 02/01/2022 | George Fernandes Collections |